| 000 | 00645nam a2200229 i 4500 | ||
|---|---|---|---|
| 001 | 184036 | ||
| 003 | ES-MaACL | ||
| 005 | 20231115145114.0 | ||
| 008 | 150224s2014 sp | |||||||| | spa d | ||
| 020 | _a978-84-942465-9-3 | ||
| 080 | _a821.134.2-32"19" | ||
| 100 | 1 |
_aLópez Pazos, Ramón. _9156432 |
|
| 245 | 1 | 0 |
_aAlejado del tiempo / _cRamón López Pazos. |
| 250 | _a1ª ed. | ||
| 260 |
_aGranada : _bNazarí, _c2014. |
||
| 300 |
_a326 p. ; _c21 cm. |
||
| 490 | 1 | _aMexuar | |
| 830 | 0 |
_aMexuar _9225030 |
|
| 852 |
_aES-MaACL _jA-13417 _9191002 _bR.150202 _cDEPO1 _dOlim: N-6417 |
||
| 942 |
_2udc _cMONOGRAFIA |
||
| 999 |
_c184036 _d184036 |
||